000 01142cam a2200313 a 4500
001 13731815
003 ARRUPE
005 20160229103347.0
008 040927s2004 enka b 001 0 eng c
010 _a 2004556650
020 _a0826469655
035 _a(OCoLC)ocm55910641
040 _aUkLeU
_cUkLeU
_dCU
_dDLC
042 _apcc
050 0 0 _aP99.4.S62
_bT43 2004
082 0 0 _a302.2
_222
100 1 _aThibault, Paul J.
_922345
245 1 0 _aBrain, mind, and the signifying body :
_ban ecosocial semiotic theory /
_cPaul J. Thibault ; with a foreword by M.A.K. Halliday.
260 _aLondon ;
_aNew York :
_bContinuum,
_c2004.
300 _axv, 344 p. :
_bill. ;
_c25 cm.
440 0 _aOpen linguistics series
_922346
504 _aIncludes bibliographical references (p. [318]-330) and indexes.
650 0 _aSemiotics
_xSocial aspects.
_922347
650 0 _aPsycholinguistics.
_922348
650 0 _aDiscourse analysis.
_916007
906 _a7
_bcbc
_cpccadap
_d2
_encip
_f20
_gy-gencatlg
942 _2lcc
_cMONOGRAPH
999 _c124191
_d124191